| 000 | 01055nam a22002535a 4500 | ||
|---|---|---|---|
| 003 | OSt | ||
| 005 | 20170311093322.0 | ||
| 008 | 170226s2013 ua frb 000 0 ara d | ||
| 015 | _a2002 / 15664 | ||
| 020 | _a9770438995 | ||
| 040 |
_aEG-ScBUE _bara _cEG-ScBUE |
||
| 082 | 0 | 4 |
_a346.023 _bر و ب _222 |
| 100 | 1 | _aروبي، محمد. | |
| 245 | 1 | 0 |
_aعقود التشيد والاستغلال والتسليم .B.O.T : _bدراسة في إطار القانون الدولي الخاص : ماهيتها - طبيعتها القانونية - القانون واجب التطبيق عليها - تقييمها / _cمحمد الروبي. |
| 250 | _aط. 2. | ||
| 260 |
_aالقاهرة : _bدار النهضة العربية، _c2013. |
||
| 300 |
_a636 ص. ؛ _c24 سم. |
||
| 504 | _aيشتمل على إرجاعات ببليوجرافية. | ||
| 650 | 7 |
_aعقود البوت (قانون دولي) _2BUEsh |
|
| 650 | 7 |
_aعقود المقاولة _xقوانين وتشريعات. _2BUEsh |
|
| 651 | _2BUEsh | ||
| 653 |
_bLLAAWW _cMarch2017 |
||
| 942 | _2ddc | ||
| 999 |
_c24380 _d24352 |
||